00668 2200217 4500001002100000005001700021008004100038020003000079035002400109040001200133082000800145090001300153245010700166250001000273260004000283300003200323650001500355700005000370850001200420990001800432YOGYA-0411000000143320110418092000.0 ind  a978 - 602 - 8479 - 82 - 0 0010-041100000001433 aYOPDYOG a306 a306bDin aDinamika masyarakat dan kebudayaan kontemporer /ceditor , Irwan Abdullah , Weaning Udasmoro , Hassej. aCet 1 aYogyakartabTici Publication c 2009 aVIII, 347 hlm.bIlusc24 cm aKebudayaan aAbdullah , IrwanbUdasmoro , WeaningcHasse J aYOPDYOG a52814-PD/B.10